La question polonaire / (Record no. 57361)

MARC details
000 -LEADER
campo de control de longitud fija 00582nam a2200181 i 4500
001 - NÚMERO DE CONTROL
campo de control 57361
003 - IDENTIFICADOR DE NÚMERO DE CONTROL
campo de control ES-MaACL
005 - FECHA Y HORA DE LA ÚLTIMA TRANSACCIÓN
campo de control 20230906163548.0
007 - CAMPO FIJO DE DESCRIPCIÓN FÍSICA--INFORMACIÓN GENERAL
campo de control de longitud fija t|
008 - DATOS DE LONGITUD FIJA--INFORMACIÓN GENERAL
campo de control de longitud fija 031016s1909 fr ||||1| fre d
100 1# - ENTRADA PRINCIPAL--NOMBRE DE PERSONA
Nombre de persona Dmowski, R.
9 (RLIN) 44922
245 13 - MENCIÓN DEL TÍTULO
Título La question polonaire /
Mención de responsabilidad, etc. R. Dmowski ; traduction du polonais par V. Garztowtt ; preface de Anatole Leroy-Beaulieu.
260 ## - PUBLICACIÓN, DISTRIBUCIÓN, ETC.
Lugar de publicación, distribución, etc. [S.l. :
Nombre del editor, distribuidor, etc. s.n.,
Fecha de publicación, distribución, etc. 1909] (
Lugar de fabricación/manufactura Tours :
Fabricante E. Arrault et Cie)
300 ## - DESCRIPCIÓN FÍSICA
Extensión 336 p. ;
Dimensiones 18 cm.
700 1# - ENTRADA AGREGADA--NOMBRE PERSONAL
Nombre de persona Garztowtt, V.
9 (RLIN) 55831
700 1# - ENTRADA AGREGADA--NOMBRE PERSONAL
Nombre de persona Leroy-Beaulieu, Anatole.
9 (RLIN) 71809
852 ## - LOCALIZACIÓN
Ubicación ES-MaACL
Número de control de estantería D-2916
Holdings
Estatus retirado Estado de pérdida Estado de daño No para préstamo Biblioteca de origen Biblioteca actual Ubicación en estantería Fecha de adquisición Fuente de adquisición Total de préstamos Signatura topográfica completa Código de barras Visto por última vez Precio de reemplazo Tipo de ítem Koha
        Biblioteca del Ateneo de Madrid Biblioteca del Ateneo de Madrid Sala Valle Inclán 17/01/2008     D-2916 901060223 23/02/2023 23/02/2023 Libro impreso